Singular coverings of toposes

Αποθηκεύτηκε σε:
Λεπτομέρειες βιβλιογραφικής εγγραφής
Κύριος συγγραφέας: Bunge, M. (Marta)
Άλλοι συγγραφείς: Funk, J. (Jonathon)
Μορφή: Βιβλίο
Γλώσσα:English
Δημοσίευση: Berlin : Springer, 2006
Σειρά:Lecture notes in mathematics (Springer-Verlag) ; 1890
Θέματα:
Ετικέτες: Προσθήκη ετικέτας
Δεν υπάρχουν, Καταχωρήστε ετικέτα πρώτοι!

MARC

LEADER 00000nam a2200000 i 4500
001 1/60411
008 071025s2006 eng d
020 |a 3-540-36359-9 
035 |l 10091831 
040 |a GR-MY-UA  |b gre  |e aacr 
041 0 |a eng 
082 0 |a 512.55  |2 (22) 
100 1 |a Bunge, M.  |q (Marta) 
245 1 0 |a Singular coverings of toposes /  |c M. Bunge, J. Funk 
260 |a Berlin :   |b Springer,   |c 2006 
300 |a xii, 225 σ.;  |b εικ.;  |c 24 εκ. 
490 1 |a Lecture notes in mathematics  |v ; 1890 
504 |a Περιέχει βιβλιογραφικές αναφορές και ευρετήριο 
650 0 0 |a Toposes. 
700 1 |a Funk, J.  |q (Jonathon) 
830 0 |a Lecture notes in mathematics (Springer-Verlag)  |v ; 1890 
852 |a INST  |b SAMOS  |e 20071025  |h 512.55 BUN  |p 005300027992  |q 005300027992  |t BK  |y 0 
901 |a BIBL3-2007-3 
909 |a Σ  |b 139228 
922 |a 3ΕΛΗ  |b 200709  |c ΕΠΕΑΕΚ2/ΤΜΗΜΑ ΜΑΘΗΜΑΤΙΚΩΝ  |d ΠΑΠΑΣΩΤΗΡΙΟΥ 
970 |a ΜΑΛΑΓΑΡΗ  |b ΦΩΤΕΙΝΗ  |z 2007/10/25